000 00986nam a2200277 a 4500
001 000024765
005 20260326113753.0
008 110203s1996 mx r 000 | spa d
020 _a968698707X
040 _aDO-SdBNP
_bspa
_cBNPHU
082 _a347.05
_bN274f
100 1 _aNathan Cardozo, Benjamín,
_d1870-1938
_950818
245 1 3 _aLa función judicial /
_cBenjamín Nathan Cardozo ; traducción Victoria Cisneros, Leonel Pereznieto Castro; prólogo Harlan F. Stone.
260 _aMéxico, D. F. :
_bPereznieto Editores,
_c1996.
300 _axi, 94 p. ;
_c21 cm.
490 1 _aDerecho Comparado
504 _aIncluye referencias bibliográficas
650 4 _aFunción judicial
_98466
650 4 _aInterpretación del derecho
_99302
650 0 _aSentencias
_929701
700 1 _aCisneros, Victoria,
_etr.
_950819
700 1 _aPereznieto Castro, Leonel,
_etr.
_950820
700 1 _aStone, Harlan F.
_epról.
_950821
830 0 _aDerecho Comparado
_950822
049 _aBNGR
999 _c24258
_d24258